000
003120000a22001330004500
003
MACL
040
_a
MACL
090
_c
6348
_d
6347
100
_a
Singh, Sewa
245
_a
Libraryanship and Library science Education
260
_b
Ess Ess Publications
_c
1988
650
_a
Library & Information
942
_c
BOOK
_k
20
999
_c
6300
_d
6300